[Event "Francisco Martinez 8th tt"]
[Site "Santa Clara"]
[Date "2018.08.19"]
[Round "7.1"]
[White "Alvarez Calzadilla, Jose Avelino"]
[Black "Ramos Martin, Lisandra"]
[Result "1-0"]
[WhiteElo "2120"]
[BlackElo "2120"]
[PlyCount "93"]
[EventDate "2018.08.16"]
[EventType "team-tourn"]
[EventRounds "10"]
[EventCountry "CUB"]
[EventCategory "8"]
[SourceTitle "EXT 2021"]
[Source "ChessBase"]
[SourceDate "2020.10.23"]
[SourceVersion "1"]
[SourceVersionDate "2020.10.23"]
[SourceQuality "1"]

1. Nf3 Nf6 2. g3 g6 3. b3 Bg7 4. Bb2 0-0 5. Bg2 d6 6. d4 c6 7. 0-0 Nbd7 8. a4 Qc7 9. a5 e5 10. dxe5 Nxe5 11. a6 bxa6 12. Nxe5 dxe5 13. Nd2 Bb7 14. Nc4 Nd5 15. Na5 Rad8 16. Nxb7 Qxb7 17. Qe1 Rfe8 18. Ra4 f5 19. e4 Nb6 20. Ra2 fxe4 21. Qxe4 Nd5 22. Rfa1 Nb4 23. Ra4 Rb8 24. Bc3 Nd5 25. Bd2 Bf8 26. Qc4 Qb5 27. Qe4 Qb7 28. Rxa6 Bc5 29. Qc4 Bd4 30. R1a5 Qf7 31. Be1 Ne7 32. Qxf7+ Kxf7 33. c3 Bb6 34. Rxe5 Nf5 35. Rxe8 Rxe8 36. Kf1 c5 37. Ra4 Nd6 38. Bd2 Kg7 39. Bf4 Nf5 40. Re4 Rd8 41. g4 Nd6 42. Re7+ Nf7 43. c4 Kf6 44. Rb7 Rd3 45. Bd5 Ng5 46. h4 Nh3 47. Rf7# 1-0

[Event "Francisco Martinez 8th tt"]
[Site "Santa Clara"]
[Date "2018.08.17"]
[Round "4.1"]
[White "Ramos Martin, Lisandra"]
[Black "Charon Mustelier, Manuel"]
[Result "0-1"]
[WhiteElo "2120"]
[BlackElo "2171"]
[PlyCount "136"]
[EventDate "2018.08.16"]
[EventType "team-tourn"]
[EventRounds "10"]
[EventCountry "CUB"]
[EventCategory "8"]
[SourceTitle "EXT 2021"]
[Source "ChessBase"]
[SourceDate "2020.10.23"]
[SourceVersion "1"]
[SourceVersionDate "2020.10.23"]
[SourceQuality "1"]

1. Nf3 d5 2. d4 c6 3. c4 e6 4. Nc3 Nf6 5. Bg5 Nbd7 6. e3 Qa5 7. Nd2 Bb4 8. Qc2 0-0 9. Be2 dxc4 10. Bxf6 Nxf6 11. Nxc4 Qc7 12. 0-0 Bd7 13. a3 Be7 14. b4 Rfd8 15. Rac1 Be8 16. Rfd1 Rac8 17. Qb3 Qb8 18. h3 b6 19. Bf3 Bf8 20. e4 Qf4 21. Ne2 Qh4 22. g3 Qxh3 23. Nf4 Qh6 24. Kg2 g5 25. e5 gxf4 26. exf6 Qxf6 27. Ne5 fxg3 28. fxg3 Bg7 29. Bxc6 Qg5 30. Nf3 Bxc6 31. Rxc6 Qb5 32. Rc2 Rxc2+ 33. Qxc2 Qd5 34. Rd2 Bf6 35. Qc7 Rd7 36. Qf4 Bg7 37. Qb8+ Bf8 38. Rc2 f6 39. Qf4 Rf7 40. Re2 e5 41. dxe5 fxe5 42. Qe4 Qxe4 43. Rxe4 Bg7 44. Re3 Re7 45. Nh4 Bf6 46. Nf5 Rd7 47. Kf3 Kf7 48. Ke4 Rd1 49. Rc3 Re1+ 50. Re3 Ra1 51. Rc3 Kg6 52. Rd3 Re1+ 53. Re3 Rc1 54. Rd3 b5 55. Nd6 a6 56. Kf3 Be7 57. Ne4 Kf5 58. g4+ Ke6 59. Rd2 Rf1+ 60. Kg2 Rf4 61. Nf2 Bh4 62. Nd3 Rxg4+ 63. Kh3 Rd4 64. Nc5+ Kd5 65. Re2 Be7 66. Nxa6 Bd6 67. Rc2 Rc4 68. Rd2+ Ke6 0-1

[Event "Santa Clara Salado Cup"]
[Site "Santa Clara"]
[Date "2018.04.01"]
[Round "7"]
[White "Hernandez Machado, Patricia M"]
[Black "Ramos Martin, Lisandra"]
[Result "1/2-1/2"]
[WhiteElo "1995"]
[BlackElo "2040"]
[PlyCount "43"]
[EventDate "2018.03.29"]
[EventType "swiss"]
[EventRounds "7"]
[EventCountry "CUB"]
[SourceTitle "EXT 2021"]
[Source "ChessBase"]
[SourceDate "2020.10.23"]
[SourceVersion "1"]
[SourceVersionDate "2020.10.23"]
[SourceQuality "1"]

1. d4 Nf6 2. c4 e6 3. Nf3 d5 4. g3 Be7 5. Bg2 0-0 6. 0-0 dxc4 7. Qc2 a6 8. a4 Nbd7 9. Nbd2 c5 10. dxc5 Bxc5 11. Nxc4 Qe7 12. Bf4 Nd5 13. Bg5 f6 14. Bd2 b6 15. e4 Nb4 16. Bxb4 Bxb4 17. e5 Rb8 18. exf6 gxf6 19. Nd4 Bb7 20. Bxb7 Rxb7 21. Nc6 Qc5 22. Qe4 1/2-1/2

[Event "Santa Clara Salado Cup"]
[Site "Santa Clara"]
[Date "2018.03.31"]
[Round "4"]
[White "Lemus Morales, Diego Enrique"]
[Black "Ramos Martin, Lisandra"]
[Result "1-0"]
[WhiteElo "2027"]
[BlackElo "2040"]
[PlyCount "107"]
[EventDate "2018.03.29"]
[EventType "swiss"]
[EventRounds "7"]
[EventCountry "CUB"]
[SourceTitle "EXT 2021"]
[Source "ChessBase"]
[SourceDate "2020.10.23"]
[SourceVersion "1"]
[SourceVersionDate "2020.10.23"]
[SourceQuality "1"]

1. e4 c5 2. Nf3 Nc6 3. d4 cxd4 4. Nxd4 Nf6 5. Nc3 e5 6. Ndb5 d6 7. Bg5 a6 8. Na3 b5 9. Nd5 Be7 10. Bxf6 Bxf6 11. c4 b4 12. Nc2 Rb8 13. Be2 Bg5 14. 0-0 0-0 15. Qd3 Be6 16. Rad1 Qa5 17. b3 g6 18. a3 bxa3 19. b4 Qd8 20. Qxa3 f5 21. Qxa6 Bxd5 22. Rxd5 Rb6 23. Qa2 Nxb4 24. Nxb4 Rxb4 25. Rxd6 Rb2 26. Qxb2 Qxd6 27. exf5 gxf5 28. Rd1 Qe7 29. Qb5 e4 30. Rd7 Qf6 31. c5 e3 32. f4 Bh6 33. Qb3+ Kh8 34. Qxe3 Qa1+ 35. Kf2 Bg7 36. c6 Qa4 37. Rd6 Qb4 38. Qd2 Bc3 39. Qd3 Qxf4+ 40. Kg1 Be5 41. g3 Qc1+ 42. Kg2 Qc5 43. Re6 f4 44. Qe4 Bg7 45. g4 Qc3 46. Bd3 Qd2+ 47. Kh3 Qe3+ 48. Qxe3 fxe3 49. c7 Rc8 50. Ba6 Rxc7 51. Re8+ Bf8 52. Rxf8+ Kg7 53. Re8 Rc6 54. Bd3 1-0

[Event "Santa Clara Salado Cup"]
[Site "Santa Clara"]
[Date "2018.03.30"]
[Round "3"]
[White "Ramos Martin, Lisandra"]
[Black "Diaz Del Valle, Laura Beatriz"]
[Result "1/2-1/2"]
[WhiteElo "2040"]
[BlackElo "2068"]
[PlyCount "61"]
[EventDate "2018.03.29"]
[EventType "swiss"]
[EventRounds "7"]
[EventCountry "CUB"]
[SourceTitle "EXT 2021"]
[Source "ChessBase"]
[SourceDate "2020.10.23"]
[SourceVersion "1"]
[SourceVersionDate "2020.10.23"]
[SourceQuality "1"]

1. e4 c5 2. Nc3 d6 3. g3 Nc6 4. Bg2 e6 5. d3 Be7 6. Nge2 Nf6 7. 0-0 0-0 8. h3 a6 9. a4 Bd7 10. f4 e5 11. Be3 Nd4 12. Qd2 b5 13. axb5 axb5 14. Rxa8 Qxa8 15. fxe5 dxe5 16. g4 b4 17. Nd5 Nxd5 18. exd5 Qa2 19. c4 Nxe2+ 20. Qxe2 Bd6 21. Be4 Qa7 22. Qf2 h6 23. Qh4 Bc8 24. Bxh6 gxh6 25. Rf6 Qa1+ 26. Kg2 Qxb2+ 27. Kf3 Qd2 28. Rxh6 Qd1+ 29. Kf2 Qd2+ 30. Kf3 Qd1+ 31. Kf2 1/2-1/2

[Event "Universidad de Cienfuegos-C 10th"]
[Site "Cienfuegos"]
[Date "2018.02.26"]
[Round "13"]
[White "Ramos Martin, Lisandra"]
[Black "Guzman Pino, Daniela"]
[Result "1-0"]
[WhiteElo "1968"]
[BlackElo "1728"]
[PlyCount "47"]
[EventDate "2018.02.20"]
[EventType "tourn"]
[EventRounds "14"]
[EventCountry "CUB"]
[SourceTitle "EXT 2021"]
[Source "ChessBase"]
[SourceDate "2020.10.23"]
[SourceVersion "1"]
[SourceVersionDate "2020.10.23"]
[SourceQuality "1"]

1. d4 Nf6 2. c4 c5 3. d5 e6 4. Nc3 exd5 5. cxd5 d6 6. e4 g6 7. Be2 Bg7 8. Nf3 0-0 9. 0-0 Re8 10. Qc2 Bg4 11. h3 Bxf3 12. Bxf3 a6 13. a4 b6 14. Bf4 Qe7 15. Rae1 Nfd7 16. Qd2 Ne5 17. Be2 Nbd7 18. Bg3 Nf6 19. f4 Ned7 20. Bf3 Nh5 21. Bxh5 gxh5 22. e5 dxe5 23. d6 Qe6 24. f5 1-0

[Event "Universidad de Cienfuegos-C 10th"]
[Site "Cienfuegos"]
[Date "2018.02.25"]
[Round "11"]
[White "Ramos Martin, Lisandra"]
[Black "Vieites Santana, Daniela Ines"]
[Result "1-0"]
[WhiteElo "1968"]
[BlackElo "1842"]
[PlyCount "61"]
[EventDate "2018.02.20"]
[EventType "tourn"]
[EventRounds "14"]
[EventCountry "CUB"]
[SourceTitle "EXT 2021"]
[Source "ChessBase"]
[SourceDate "2020.10.23"]
[SourceVersion "1"]
[SourceVersionDate "2020.10.23"]
[SourceQuality "1"]

1. d4 d5 2. c4 e6 3. cxd5 exd5 4. Nc3 Nf6 5. Bg5 c6 6. Qc2 Bd6 7. e3 0-0 8. Bd3 h6 9. Bh4 Nbd7 10. Nf3 Re8 11. 0-0 Qc7 12. Rfc1 a6 13. Rab1 g5 14. Bg3 Bxg3 15. hxg3 Nf8 16. b4 Bg4 17. Ne5 Qe7 18. Bf5 Bxf5 19. Qxf5 Qe6 20. Qxe6 Nxe6 21. a4 Ne4 22. Nxe4 dxe4 23. b5 f6 24. Nd7 Kf7 25. bxc6 bxc6 26. Rxc6 Rec8 27. Rbc1 Rd8 28. Nb6 Rab8 29. d5 Nf8 30. Rc7+ Kg6 31. a5 1-0

[Event "Universidad de Cienfuegos-C 10th"]
[Site "Cienfuegos"]
[Date "2018.02.20"]
[Round "2"]
[White "Garcia Terry, Legna"]
[Black "Ramos Martin, Lisandra"]
[Result "0-1"]
[WhiteElo "1905"]
[BlackElo "1968"]
[PlyCount "54"]
[EventDate "2018.02.20"]
[EventType "tourn"]
[EventRounds "14"]
[EventCountry "CUB"]
[SourceTitle "EXT 2021"]
[Source "ChessBase"]
[SourceDate "2020.10.23"]
[SourceVersion "1"]
[SourceVersionDate "2020.10.23"]
[SourceQuality "1"]

1. d4 Nf6 2. c4 e6 3. Nc3 d5 4. Nf3 Be7 5. e3 0-0 6. Bd3 Nbd7 7. 0-0 c6 8. Ne5 dxc4 9. Nxc4 b5 10. Ne5 Bb7 11. f4 a6 12. Qf3 Qc7 13. Qh3 c5 14. g4 g6 15. g5 Nh5 16. Ne4 Rad8 17. Bb1 cxd4 18. exd4 Nb6 19. Ng3 Ng7 20. Be3 Nd5 21. Bf2 Nxf4 22. Qg4 Bxg5 23. h4 h5 24. Nxh5 gxh5 25. Qd1 Nh3+ 26. Kh2 Nxf2 27. Rxf2 Bxh4 0-1

[Event "Guillermo Garcia Memorial op 26th"]
[Site "Santa Clara"]
[Date "2017.05.20"]
[Round "5"]
[White "Ramos Martin, Lisandra"]
[Black "Restrepo, Hugo"]
[Result "1-0"]
[WhiteElo "1971"]
[BlackElo "1735"]
[PlyCount "82"]
[EventDate "2017.05.16"]
[EventType "swiss"]
[EventRounds "9"]
[EventCountry "CUB"]
[SourceTitle "CBM 178 Extra"]
[Source "ChessBase"]
[SourceDate "2017.06.22"]
[SourceVersion "1"]
[SourceVersionDate "2017.06.22"]
[SourceQuality "1"]

1. e4 c5 2. Nc3 Nc6 3. g3 e6 4. Bg2 a6 5. d3 Nf6 6. f4 d6 7. Nge2 Be7 8. 0-0 0-0 9. h3 Bd7 10. g4 b5 11. Ng3 Rc8 12. Be3 b4 13. Nce2 Ne8 14. f5 e5 15. Qd2 Nd4 16. c3 Nxe2+ 17. Nxe2 a5 18. g5 f6 19. h4 Nc7 20. Ng3 Nb5 21. g6 Re8 22. Qd1 Bf8 23. gxh7+ Kh8 24. Nh5 Qe7 25. Rf3 Red8 26. Rg3 Be8 27. Rg6 Bxg6 28. fxg6 Qe8 29. Qg4 Qd7 30. Qf3 Rc7 31. Ng3 bxc3 32. bxc3 Nxc3 33. Bd2 Nb5 34. Bxa5 Nd4 35. Qd1 Ne6 36. Bh3 Rdc8 37. Bxc7 Rxc7 38. Qb3 c4 39. dxc4 Nd4 40. Bxd7 Nxb3 41. axb3 Rxd7 1-0

[Event "Guillermo Garcia Memorial op 26th"]
[Site "Santa Clara"]
[Date "2017.05.19"]
[Round "4"]
[White "Martinez Ramirez, Lennis"]
[Black "Ramos Martin, Lisandra"]
[Result "1-0"]
[WhiteElo "2392"]
[BlackElo "1971"]
[PlyCount "117"]
[EventDate "2017.05.16"]
[EventType "swiss"]
[EventRounds "9"]
[EventCountry "CUB"]
[SourceTitle "CBM 178 Extra"]
[Source "ChessBase"]
[SourceDate "2017.06.22"]
[SourceVersion "1"]
[SourceVersionDate "2017.06.22"]
[SourceQuality "1"]

1. e4 c5 2. Nf3 Nc6 3. Bb5 g6 4. 0-0 Bg7 5. Re1 Nf6 6. e5 Nd5 7. Nc3 Nc7 8. Bxc6 dxc6 9. Ne4 Ne6 10. d3 0-0 11. Be3 b6 12. Qd2 Nd4 13. Nxd4 cxd4 14. Bh6 Qd5 15. Bxg7 Kxg7 16. Qg5 Qe6 17. f4 f6 18. Qh4 Qg4 19. exf6+ exf6 20. Qxg4 Bxg4 21. h3 Be6 22. Nd6 Bd5 23. Re7+ Kg8 24. Rae1 Rad8 25. Nb7 Rb8 26. a4 Rf7 27. Nd6 Rxe7 28. Rxe7 Rd8 29. Ne4 Bxe4 30. dxe4 d3 31. cxd3 Rxd3 32. Rxa7 Rd4 33. e5 fxe5 34. fxe5 Re4 35. Rb7 Rxa4 36. Rxb6 Re4 37. Rxc6 Rxe5 38. Rb6 Re2 39. Rb7 Kf8 40. Kh2 Re3 41. Rc7 Rb3 42. Rc2 Ke7 43. Kg1 Ke6 44. Kf2 Ke5 45. Rd2 g5 46. Ke2 Kf4 47. Kd1 Ke3 48. Re2+ Kd3 49. Rf2 Kc4 50. Rd2 Rg3 51. Ke1 h5 52. Rc2+ Kb4 53. Kf2 Rd3 54. Rc8 Kb5 55. Rh8 h4 56. Rf8 Rd5 57. Kf3 Kc6 58. Rg8 Kd6 59. Rd8+ 1-0

[Event "Bayamo Cespedes Memorial op"]
[Site "Bayamo"]
[Date "2017.03.07"]
[Round "9.11"]
[White "Ramos Martin, Lisandra"]
[Black "Suarez Aguilera, Omar Eduardo"]
[Result "1/2-1/2"]
[WhiteElo "1875"]
[BlackElo "2098"]
[PlyCount "46"]
[EventDate "2017.03.01"]
[EventType "swiss"]
[EventRounds "9"]
[EventCountry "CUB"]
[SourceTitle "EXT 2023"]
[Source "ChessBase"]
[SourceDate "2022.10.05"]
[SourceVersion "1"]
[SourceVersionDate "2022.10.05"]
[SourceQuality "1"]

1. e4 c6 2. d4 d5 3. exd5 cxd5 4. Bd3 Nc6 5. c3 Nf6 6. Nf3 Bg4 7. h3 Bh5 8. 0-0 e6 9. Bf4 Bd6 10. Bxd6 Qxd6 11. Re1 0-0 12. Nbd2 Rfe8 13. Qb3 Nd7 14. Bb5 Rab8 15. Ne5 Ndxe5 16. dxe5 Qc5 17. Qa4 Rec8 18. Nb3 Qb6 19. Bd3 Bg6 20. Rad1 Ne7 21. Qd4 Qxd4 22. Nxd4 Bxd3 23. Rxd3 b5 1/2-1/2

[Event "Bayamo Cespedes Memorial op"]
[Site "Bayamo"]
[Date "2017.03.04"]
[Round "4.11"]
[White "Luis Napoles, Rigoberto"]
[Black "Ramos Martin, Lisandra"]
[Result "1/2-1/2"]
[WhiteElo "2073"]
[BlackElo "1875"]
[PlyCount "104"]
[EventDate "2017.03.01"]
[EventType "swiss"]
[EventRounds "9"]
[EventCountry "CUB"]
[SourceTitle "EXT 2023"]
[Source "ChessBase"]
[SourceDate "2022.10.05"]
[SourceVersion "1"]
[SourceVersionDate "2022.10.05"]
[SourceQuality "1"]

1. e4 c5 2. Nf3 Nc6 3. d4 cxd4 4. Nxd4 Nf6 5. Nc3 e5 6. Ndb5 d6 7. Nd5 Nxd5 8. exd5 Nb8 9. Qf3 a6 10. Qa3 Be7 11. Bg5 f6 12. Bd2 0-0 13. Bb4 axb5 14. Qxa8 Na6 15. Bd2 Qc7 16. Qa7 Qxc2 17. Qe3 Qxb2 18. Bc3 Qa3 19. Bxb5 f5 20. 0-0 f4 21. Qd2 f3 22. g3 Qc5 23. a4 h6 24. Bb2 Bg5 25. Qc3 Bh3 26. Qxc5 Nxc5 27. Rfe1 Rc8 28. Ra3 e4 29. Bd4 Bf5 30. Rd1 Nd3 31. Bxd3 exd3 32. Be3 d2 33. Raa1 Rc2 34. h4 Bxe3 35. fxe3 Bd3 36. Kf2 Be2 37. e4 Kf7 38. Ke3 Bxd1 39. Rxd1 Kf6 40. Kxf3 Ke5 41. Ke3 Ra2 42. Rf1 Ra3+ 43. Kxd2 Kxe4 44. Rf4+ Ke5 45. Rg4 Kf6 46. h5 Ra2+ 47. Kc3 Rh2 48. Rg6+ Ke5 49. Rxg7 Rxh5 50. Rxb7 Rg5 51. Rh7 Kxd5 52. Rxh6 Rxg3+ 1/2-1/2

[Event "Bayamo Cespedes Memorial op"]
[Site "Bayamo"]
[Date "2017.03.02"]
[Round "2.21"]
[White "Ruiz Gutierrez, Jose Manuel"]
[Black "Ramos Martin, Lisandra"]
[Result "0-1"]
[WhiteElo "1710"]
[BlackElo "1875"]
[PlyCount "86"]
[EventDate "2017.03.01"]
[EventType "swiss"]
[EventRounds "9"]
[EventCountry "CUB"]
[SourceTitle "EXT 2023"]
[Source "ChessBase"]
[SourceDate "2022.10.05"]
[SourceVersion "1"]
[SourceVersionDate "2022.10.05"]
[SourceQuality "1"]

1. c4 e5 2. Nc3 d6 3. g3 g6 4. Bg2 Bg7 5. e3 Nc6 6. Nge2 Nge7 7. d4 exd4 8. Nxd4 Nxd4 9. exd4 0-0 10. 0-0 Nf5 11. d5 Re8 12. Bf4 Bd7 13. Qd2 Qf6 14. Rad1 h6 15. Ne4 Qd4 16. Bxh6 Qxb2 17. Qxb2 Bxb2 18. Bg5 Kg7 19. Rd2 Ba3 20. Rb1 b6 21. Rb3 Bc1 22. Bf6+ Kf8 23. Rd1 Bh6 24. Rbb1 Ba4 25. Re1 Bc2 26. Rb2 Bd3 27. g4 Ne7 28. g5 Bg7 29. Bxg7+ Kxg7 30. Nf6 Bxc4 31. a4 a6 32. Nxe8+ Rxe8 33. Rd2 b5 34. Rd4 Nf5 35. Rxe8 Nxd4 36. h4 bxa4 37. Re4 Ne2+ 38. Kh2 Bb5 39. Re3 Nf4 40. Bf3 Nd3 41. Kg3 a3 42. Re2 Nb4 43. Re3 Nc2 0-1